Kesusasteraan dan etika Islam

Bibliographic Details
Main Author: Shahnon Ahmad
Format: Book
Published: Kuala Lumpur : penerbit Fajar Bakti Sdn. Bhd , 1981
Series:Siri kajian sastera Fajar Bakti
Subjects:

MARC

LEADER 00000cam a2200000 7i4500
001 0000046661
005 20190513.0
008 04042015
020 |a 0195831829 
020 |a 9780195831829 
090 0 0 |a 899.2   |b SHA 
100 1 |a Shahnon Ahmad 
245 1 0 |a Kesusasteraan dan etika Islam   |c Shahnon Ahmad 
260 |a Kuala Lumpur :   |b penerbit Fajar Bakti Sdn. Bhd ,   |c 1981 
440 |a Siri kajian sastera Fajar Bakti 
650 0 |a Islamic ethics 
650 0 |a Malay literature   |x History and criticism 
999 |a 0000043933   |b Book   |c Adult Collection   |e Cawangan Mersing 
999 |a 0000158082   |b Book   |c Adult Collection   |e Cawangan Muar